[Event "II HSL Istok 2015"]
[Site "Dalj, Vukovar, Zupanja, Oraho"]
[Date "2016.05.15"]
[Round "6.55"]
[White "Coric, Zeljko"]
[Black "Fadljevic, Ivan"]
[Result "0-1"]
[WhiteElo "2023"]
[BlackElo "1912"]
[PlyCount "109"]
[EventDate "2016.04.16"]
[EventType "tourn"]
[EventRounds "11"]
[Source "Croatia"]
[SourceDate "2016.04.16"]

1. d4 Nf6 2. c4 g6 3. g3 Bg7 4. Bg2 O-O 5. Nf3 c5 6. Nc3 Nc6 7. d5 Na5 8. Nd2
Rb8 9. Rb1 b6 10. O-O Ne8 11. Qc2 Nd6 12. b3 Nf5 13. Nf3 Nd4 14. Nxd4 cxd4 15.
Ne4 Ba6 16. Nd2 Rc8 17. Qd3 e5 18. dxe6 dxe6 19. Bb2 e5 20. Rfc1 Qe7 21. e3
dxe3 22. Qxe3 Bb7 23. Bxb7 Nxb7 24. Re1 Rfe8 25. Ne4 Qf8 26. Nc3 Nd6 27. Ba3
Nxc4 28. Bxf8 Nxe3 29. Rxe3 Kxf8 30. Nb5 Rc5 31. a4 a5 32. Rd1 Ke7 33. Red3
Rec8 34. Rd7+ Kf8 35. Kg2 Bf6 36. Rb7 Rd8 37. Re1 Rc6 38. Na7 Re6 39. Nb5 Be7
40. Nc7 Rc6 41. Nb5 f6 42. f4 Rd2+ 43. Kf3 Bc5 44. fxe5 Rf2+ 45. Ke4 Re6 46.
Kd5 Rxe5+ 47. Rxe5 fxe5 48. Kxe5 Rxh2 49. Nc7 Re2+ 50. Kd5 Rd2+ 51. Kc4 Kg8 52.
Ne6 Bf2 53. Rg7+ Kh8 54. Rf7 h5 55. Rxf2 0-1

[Event "II HSL Istok 2015"]
[Site "Dalj, Vukovar, Zupanja, Oraho"]
[Date "2016.05.15"]
[Round "6.56"]
[White "Benes, Miodrag"]
[Black "Faletar, Slavko"]
[Result "0-1"]
[WhiteElo "1916"]
[BlackElo "1850"]
[PlyCount "42"]
[EventDate "2016.04.16"]
[EventType "tourn"]
[EventRounds "11"]
[Source "Croatia"]
[SourceDate "2016.04.16"]

1. d4 Nf6 2. c4 e5 3. Nc3 exd4 4. Qxd4 Nc6 5. Qd1 Bc5 6. Bg5 Bxf2+ 7. Kd2 O-O
8. e3 h6 9. Nh3 hxg5 10. Nxf2 d5 11. Kc2 Bf5+ 12. Kc1 Qe7 13. Qf3 Bg6 14. cxd5
Ne5 15. Qd1 Rad8 16. e4 c6 17. Qb3 cxd5 18. exd5 Nxd5 19. Nfd1 Nb4 20. Nf2 Qc5
21. a3 Qe3# 0-1

[Event "II HSL Istok 2015"]
[Site "Dalj, Vukovar, Zupanja, Oraho"]
[Date "2016.05.15"]
[Round "6.61"]
[White "Jukic, Branimir"]
[Black "Stipandic, Marko"]
[Result "1-0"]
[WhiteElo "2375"]
[BlackElo "2049"]
[PlyCount "51"]
[EventDate "2016.04.16"]
[EventType "tourn"]
[EventRounds "11"]
[Source "Croatia"]
[SourceDate "2016.04.16"]

1. e4 c5 2. Nf3 d6 3. d4 cxd4 4. Nxd4 Nf6 5. Nc3 a6 6. Bg5 e6 7. f4 Qc7 8. Qe2
Nbd7 9. O-O-O Be7 10. g4 O-O 11. Bg2 Re8 12. Bh4 Nb6 13. Rd3 Nfd7 14. Bxe7 Rxe7
15. g5 d5 16. exd5 Qxf4+ 17. Kb1 Ne5 18. d6 Re8 19. Rdd1 Nec4 20. Rhf1 Qxd6 21.
Be4 Rf8 22. Nc6 Qc5 23. Bxh7+ Kxh7 24. Qh5+ Kg8 25. Rd8 Bd7 26. Qxf7+ 1-0

[Event "II HSL Istok 2015"]
[Site "Dalj, Vukovar, Zupanja, Oraho"]
[Date "2016.05.15"]
[Round "6.62"]
[White "Golubic, Miroslav"]
[Black "Vitic, Ivan"]
[Result "0-1"]
[WhiteElo "2027"]
[BlackElo "2307"]
[PlyCount "84"]
[EventDate "2016.04.16"]
[EventType "tourn"]
[EventRounds "11"]
[Source "Croatia"]
[SourceDate "2016.04.16"]

1. e4 c5 2. Nc3 Nc6 3. g3 e6 4. Bg2 Nf6 5. d3 d6 6. Nf3 Be7 7. O-O O-O 8. Re1
Rb8 9. e5 dxe5 10. Nxe5 Nxe5 11. Rxe5 b5 12. Ne4 Nd7 13. Rh5 f5 14. Ng5 Nf6 15.
Rh3 e5 16. Qe2 h6 17. Qxe5 Bd6 18. Bd5+ Kh8 19. Ne6 Bxe5 20. Bxh6 gxh6 21.
Rxh6+ Nh7 22. Nxd8 Rxd8 23. c4 Kg7 24. Rh4 Nf6 25. Re1 Bd6 26. Bc6 bxc4 27.
dxc4 Rxb2 28. a4 Bd7 29. Bb5 a6 30. Bxa6 Bxa4 31. h3 Rb6 32. Bb5 Bxb5 33. cxb5
Rxb5 34. Ra4 Re8 35. Rd1 Be5 36. Rd2 Bd4 37. Kg2 Rb7 38. Kf3 Ne4 39. Rc2 Rb3+
40. Kf4 Kg6 41. Ra6+ Nf6 42. f3 Be5# 0-1

[Event "II HSL Istok 2015"]
[Site "Dalj, Vukovar, Zupanja, Oraho"]
[Date "2016.05.15"]
[Round "6.63"]
[White "Sasvari, Zelimir"]
[Black "Vidalina, Franja"]
[Result "1-0"]
[WhiteElo "2184"]
[BlackElo "2059"]
[PlyCount "84"]
[EventDate "2016.04.16"]
[EventType "tourn"]
[EventRounds "11"]
[Source "Croatia"]
[SourceDate "2016.04.16"]

1. Nf3 Nf6 2. c4 c5 3. Nc3 Nc6 4. a3 a6 5. Rb1 e6 6. g3 Rb8 7. d3 b5 8. Bg2 h6
9. O-O Be7 10. Bf4 d6 11. cxb5 axb5 12. b4 cxb4 13. axb4 O-O 14. d4 Nh5 15. Bd2
d5 16. Na2 Qb6 17. e3 Nf6 18. Nc1 Ne4 19. Nd3 Nd6 20. Nc5 Nc4 21. Ra1 e5 22.
Bc3 e4 23. Nd2 Rd8 24. Qc2 Qc7 25. Ra2 f5 26. Rfa1 Bxc5 27. dxc5 d4 28. Nxc4
dxc3 29. Nd6 Be6 30. Qxc3 Bxa2 31. Rxa2 Rxd6 32. cxd6 Qxd6 33. Ra6 Rc8 34. Qb3+
Kh7 35. Bf1 Qe7 36. Qd5 Ne5 37. Kg2 Rd8 38. Qxb5 Nd3 39. Qxf5+ Kh8 40. Re6 Ne1+
41. Kh3 Qxb4 42. Qxe4 Qb8 1-0

[Event "II HSL Istok 2015"]
[Site "Dalj, Vukovar, Zupanja, Oraho"]
[Date "2016.05.15"]
[Round "6.65"]
[White "Kovacevic, Srecko"]
[Black "Ivankovic, Marko"]
[Result "0-1"]
[WhiteElo "2079"]
[BlackElo "1987"]
[PlyCount "148"]
[EventDate "2016.04.16"]
[EventType "tourn"]
[EventRounds "11"]
[Source "Croatia"]
[SourceDate "2016.04.16"]

1. d4 d5 2. Nf3 Nf6 3. e3 e6 4. Bd3 Bd6 5. Nbd2 b6 6. Ne5 Bb7 7. O-O O-O 8. b3
Nbd7 9. Bb2 Ne4 10. Nxd7 Qxd7 11. f3 Nxd2 12. Qxd2 f5 13. c4 c6 14. Rae1 Qc7
15. g3 Qe7 16. Qc2 Qd7 17. Re2 Kh8 18. Rg2 Rae8 19. f4 dxc4 20. bxc4 c5 21. Re2
Qc6 22. Kf2 cxd4 23. exd4 Bb4 24. Bc3 Bxc3 25. Qxc3 Rd8 26. Rc1 Qg2+ 27. Ke3
Qf3+ 28. Kd2 Rd6 29. Rce1 Qc6 30. Rxe6 Rxe6 31. d5 Qa4 32. Rxe6 Qxa2+ 33. Bc2
Bxd5 34. Re7 Bf7 35. Qd4 Qa3 36. Qd7 Qb4+ 37. Kd1 Qxc4 38. Bxf5 Qb3+ 39. Bc2
Bh5+ 40. Kd2 Qb4+ 41. Kc1 Qa3+ 42. Kb1 Qb4+ 43. Ka2 Qa5+ 44. Kb2 Qb4+ 45. Bb3
a5 46. Rxg7 Bg6 47. Re7 b5 48. Qe6 Qd4+ 49. Kc1 Qc3+ 50. Kd1 Rd8+ 51. Bd5 Bh5+
52. g4 Rxd5+ 53. Qxd5 Bxg4+ 54. Re2 Qa1+ 55. Kc2 Bxe2 56. Qd8+ Kg7 57. Qe7+ Kg6
58. Qg5+ Kf7 59. Qd5+ Ke7 60. Qb7+ Kd6 61. Qb6+ Kd5 62. Qb7+ Kc5 63. Qe7+ Kd5
64. Qb7+ Kc4 65. Qe4+ Qd4 66. Qxe2+ Kb4 67. Qe1+ Ka4 68. Qe5 Qf2+ 69. Kd3 Qf1+
70. Kd2 b4 71. f5 Qf2+ 72. Kc1 b3 73. Qe4+ Ka3 74. Qd3 Qe1+ 0-1

[Event "II HSL Istok 2015"]
[Site "Dalj, Vukovar, Zupanja, Oraho"]
[Date "2016.05.15"]
[Round "6.66"]
[White "Knezevic, Goran"]
[Black "Sesar, Ante"]
[Result "1-0"]
[WhiteElo "1884"]
[BlackElo "1678"]
[PlyCount "83"]
[EventDate "2016.04.16"]
[EventType "tourn"]
[EventRounds "11"]
[Source "Croatia"]
[SourceDate "2016.04.16"]

1. e4 d6 2. d4 Nd7 3. c4 Ngf6 4. Nc3 c6 5. Nf3 e5 6. Be2 Be7 7. O-O h6 8. a3
O-O 9. d5 a6 10. b4 Nh7 11. Qb3 Ng5 12. dxc6 bxc6 13. Be3 Nxf3+ 14. Bxf3 Bg5
15. Bxg5 Qxg5 16. Rad1 Qe7 17. Rd2 Rd8 18. Rfd1 Nf6 19. c5 Be6 20. cxd6 Rxd6
21. Qa4 Rxd2 22. Rxd2 Qc7 23. Qc2 Rd8 24. h3 g5 25. Qd1 Rxd2 26. Qxd2 g4 27.
hxg4 Bxg4 28. Qxh6 Bxf3 29. Qg5+ Kf8 30. Qxf6 Bg4 31. Qh8+ Ke7 32. Qh4+ f6 33.
Qxg4 Qd6 34. Qd1 Qc7 35. Na4 a5 36. Nc5 axb4 37. axb4 Qa7 38. Qb3 Qa1+ 39. Kh2
Qd4 40. Qe6+ Kd8 41. Qxf6+ Kc7 42. Qe7+ 1-0